Eastern Utah Libraries Catalog: Duchesne, Heber, Roosevelt, & Vernal

Electric cars / (Record no. 277060)

MARC details
000 -LEADER
fixed length control field 01663nam a2200421 a 4500
001 - CONTROL NUMBER
control field ocn687615205
003 - CONTROL NUMBER IDENTIFIER
control field OCoLC
005 - DATE AND TIME OF LATEST TRANSACTION
control field 20200320185736.0
008 - FIXED-LENGTH DATA ELEMENTS--GENERAL INFORMATION
fixed length control field 110601s2012 miua j b 001 0 eng
010 ## - LIBRARY OF CONGRESS CONTROL NUMBER
LC control number 2011016597
020 ## - INTERNATIONAL STANDARD BOOK NUMBER
International Standard Book Number 9781420506129
020 ## - INTERNATIONAL STANDARD BOOK NUMBER
International Standard Book Number 1420506129
020 ## - INTERNATIONAL STANDARD BOOK NUMBER
Terms of availability 27.98
035 ## - SYSTEM CONTROL NUMBER
System control number (OCoLC)687615205
040 ## - CATALOGING SOURCE
Original cataloging agency DLC
Language of cataloging eng
Transcribing agency DLC
Modifying agency BTCTA
-- ZQP
-- VP@
-- QQ3
-- WACOL
042 ## - AUTHENTICATION CODE
Authentication code pcc
049 ## - LOCAL HOLDINGS (OCLC)
Holding library WACL
050 00 - LIBRARY OF CONGRESS CALL NUMBER
Classification number TL220
Item number .M27 2012
082 00 - DEWEY DECIMAL CLASSIFICATION NUMBER
Classification number 629.22/93
Edition number 23
084 ## - OTHER CLASSIFICATION NUMBER
Classification number JNF051100
-- JNF061010
Source of number bisacsh
092 ## - LOCALLY ASSIGNED DEWEY CALL NUMBER (OCLC)
Classification number J629.22
Item number Mac
100 1# - MAIN ENTRY--PERSONAL NAME
Personal name MacKay, Jenny,
Dates associated with a name 1978-
9 (RLIN) 5700586
245 10 - TITLE STATEMENT
Title Electric cars /
Statement of responsibility, etc Jenny MacKay.
260 ## - PUBLICATION, DISTRIBUTION, ETC. (IMPRINT)
Place of publication, distribution, etc Detroit :
Name of publisher, distributor, etc Lucent Books,
Date of publication, distribution, etc c2012.
300 ## - PHYSICAL DESCRIPTION
Extent 104 p. :
Other physical details ill. (chiefly col.) ;
Dimensions 24 cm.
490 1# - SERIES STATEMENT
Series statement Technology 360
504 ## - BIBLIOGRAPHY, ETC. NOTE
Bibliography, etc Includes bibliographical references (p. 96-97) and index.
505 0# - FORMATTED CONTENTS NOTE
Formatted contents note Electricity in motion -- Electric vehicles, past to present -- Under the hood of a car -- The hybrid and the electric revolution -- Electric cars in the modern world -- Electric transportation : the road to the future.
650 #0 - SUBJECT ADDED ENTRY--TOPICAL TERM
Topical term or geographic name as entry element Electric automobiles
Form subdivision Juvenile literature.
9 (RLIN) 5720387
650 #7 - SUBJECT ADDED ENTRY--TOPICAL TERM
Topical term or geographic name as entry element JUVENILE NONFICTION / Science & Nature / Environmental Science & Ecosystems.
Source of heading or term bisacsh
9 (RLIN) 5729919
650 #7 - SUBJECT ADDED ENTRY--TOPICAL TERM
Topical term or geographic name as entry element JUVENILE NONFICTION / Technology / Inventions.
Source of heading or term bisacsh
9 (RLIN) 5734014
830 #0 - SERIES ADDED ENTRY--UNIFORM TITLE
Uniform title Technology 360.
9 (RLIN) 5869182
938 ## -
-- Baker and Taylor
-- BTCP
-- BK0009438082
942 ## - ADDED ENTRY ELEMENTS (KOHA)
Koha item type BOOK
948 ## - LOCAL PROCESSING INFORMATION (OCLC); SERIES PART DESIGNATOR (RLIN)
Series part designator, SPT (RLIN) 02/06/2012
z (OCLC) Sirsi
994 ## -
-- 02
-- WACOL
996 ## -
-- 88599
-- 34301001061177
-- JNF
-- bk
-- wcl
-- i
-- 1
-- 27.98
-- broadreach
-- 629.22 Mac
-- 02/06/2012
-- 11/11/2017
-- 11/03/2017
Holdings
Withdrawn status Lost status Source of classification or shelving scheme Damaged status Not for loan Collection code Home library Current library Shelving location Date acquired Cost, normal purchase price Total Checkouts Full call number Barcode Date last seen Date checked out Cost, replacement price Price effective from Koha item type
    Dewey Decimal Classification     Junior NonFiction Wasatch County Library Wasatch County Library Second Floor 02/06/2012 27.98 2 J 629.22 Mac 34301001061177 12/26/2025 04/04/2023 27.98 03/20/2020 BOOK
This project was made possible through a grant from the Institute of Museum and Library Service administered by the Utah State Library Division.

Wasatch County Library

  • 465 East 1200 South, Heber City, Utah 84032
  • Phone 435-654-1511 | Fax 435-654-6456

Hours

  • Monday - Friday 9:30 AM - 8:00 PM
  • Saturday 9:30 AM - 1:30 PM
  • Closed Sundays and Holidays